Responses for Show #1433 - Wednesday, November 21, 1990

Steve Robin game 2.
Game entered from audiorecording. Missing prizes.

Contestants

[<< previous game]

David Litt, a sales account manager from East Brunswick, New Jersey

Martha McClendon, an insurance administrator originally from Guntersville, Alabama

Steve Robin, a marketing director from Scottsdale, Arizona (whose 1-day cash winnings total $9,900)

[next game >>]

Jeopardy! Round responses

FICTIONAL CHARACTERS
SPORTS AWARDS
BEIJING
HERBS & SPICES
POTPOURRI
THE JONESES
(Alex: Can we keep up with them? We'll find out soon enough.)
    $100 1
(David: Who is Ishmael?)

Captain Ahab

SteveDavid
    $100 17
the Heisman Trophy

Steve
    $100 16
Pekingese

David
    $100 11
tea

Martha
    $100 6
John Paul Jones

Steve
    $200 2
James Joyce

Martha
    $200 20
the Cy Young Award

David
    $200 18
Japan

Steve
    $200 12
allspice

Steve
    $200 7
Grace Jones

Martha
    $300 3
Tobacco Road

Steve
    $300 23
the Stanley Cup

Steve
    $300 19
bicycle

David
    $300 13
(David: What is eucalypsis?)

mint (peppermint)

SteveDavid
    $300 28
[The end-of-round signal sounds.]

the Sphinx

Steve
    $300 8
James Earl Jones

Steve
    $500 4
Anna Karenina

Steve
    $400 22
the James Sullivan Award

Triple Stumper
    $400 24
Peking duck

David
    $400 14
saffron

Steve
    $400 27
Isadora Duncan

Steve
    $400 9
Quincy Jones

Steve
    $500 5
Lolita

Steve
    $500 21
(Alex: And we have a minute to go in the round.)

the Canadian Football League

David
    $500 26
The Forbidden City

Steve
    $500 15
tarragon

Steve
    $500 25
jai alai

Steve
    $500 10
LeRoi Jones

Steve

Scores at the first commercial break (after clue 15):

Steve Martha David
$4,100 $500 -$400

Scores at the end of the Jeopardy! Round:

Steve Martha David
$6,400 $500 $1,100

Double Jeopardy! Round responses

FAMOUS QUOTES
SHAKESPEARE
NATIONAL MONUMENTS
MAMMALS
POTENT POTABLES
NAME THE DECADE
    $200 16
Ronald Reagan

Martha
    $200 1
Macbeth

David
    $200 11
Drambuie

Steve
    $200 2
the 1970s

David
    $400 17
kiss & tell

David
    $400 6
Tyre

Martha
    $400 21
Colorado

David
    $400 28
[The end-of-round signal sounds.]

the platypus

David
    $400 12
pink

David
    $400 3
the 1930s

David
    $600 18
(Steve: What are [*]?)
(Alex: Not necessarily in that order, but that's good enough. You got all four of them in there.)

blood, sweat, toil & tears

Steve
    $600 7
(David: What is Taming of the Shrew?)

Padua

SteveDavid
    $895 22
(David: What is the Washington Monument?)
...
(Alex: If you see it from the air, you see all those points to the star.)

the Statue of Liberty

David
    $600 27
pack rats

Martha
    $600 13
Kummel

Triple Stumper
    $600 4
the 1950s

Martha
    $800 19
(David: What is "tune out"?)
(Martha: What is...)
(Alex: Sorry, Martha, you took too long.)

drop out

SteveMarthaDavid
    $800 8
(David: What is As You Like It?)

A Comedy of Errors or A Midsummer Night's Dream

MarthaDavid
    $800 23
Maine

Steve
    $800 26
giraffe

Triple Stumper
    $800 14
the U.S.

Steve
    $500 5
(Martha: What is the 1910s?)

the 1890s

Martha
    $1000 20
David Farragut

Martha
    $1000 9
Bosworth Field

Steve
    $1000 24
(Steve: What's the Natural Bridge?)
...
(Alex: We have less than a minute to go.)

the Rainbow Bridge

Steve
Triple Stumper
    $1000 25
teeth

Martha
    $1000 15
the Mississippi

Triple Stumper
    $1000 10
(Martha: What is the 1900s?)

the 1840s

Martha
Triple Stumper

Scores at the end of the Double Jeopardy! Round:

Steve Martha David
$10,200 $2,800 $405
(lock game)

[wagering suggestions for these scores]

Final Jeopardy! Round responses

ACTRESSES
DavidWho was
$404
MarthaWho is Ruth Gordon?
$1,800
SteveWho was Mary Pickford?
$4,000
Ruth Gordon

Final scores:

Steve Martha David
$6,200 $4,600 $1
2-day champion: $16,100 2nd place 3rd place

Game dynamics:

Coryat scores:

Steve Martha David
$10,100 $3,300 $1,300
26 R
(including 1 DD),
1 W
10 R,
3 W
(including 1 DD)
12 R,
6 W
(including 1 DD)

Combined Coryat: $14,700

[game clues] [game scores] [suggest correction]

Game tape date: 1990-09-11
The J! Archive is created by fans, for fans. Scraping, republication, monetization, and malicious use prohibited; this site may use cookies and collect identifying information. See terms. The Jeopardy! game show and all elements thereof, including but not limited to copyright and trademark thereto, are the property of Jeopardy Productions, Inc. and are protected under law. This website is not affiliated with, sponsored by, or operated by Jeopardy Productions, Inc. Join the discussion at JBoard.tv.